书目信息 |
| 题名: |
善的研究
|
|
| 作者: | 西田几多郎 著 | |
| 分册: | ||
| 出版信息: | 北京 商务印书馆 1997.05 |
|
| 页数: | 150页 | |
| 开本: | 32开 | |
| 丛书名: | ||
| 单 册: | ||
| 中图分类: | B313.4 | |
| 科图分类: | ||
| 主题词: | 哲学--亚洲 | |
| 电子资源: | ||
| ISBN: | 7-100-00826-3 | |
| 000 | 00544nam0 2200193 45 | |
| 001 | 0009201763 | |
| 005 | 20000920180015.8 | |
| 010 | @a7-100-00826-3@d7.00元 | |
| 100 | @a20000920d1997 km y0chiy0120 ea | |
| 101 | 0 | @achi |
| 105 | @a z 000yy | |
| 200 | 1 | @a善的研究@AShan De Yan Jiu@f(日)西田几多郎著@F(Ri)Xi Tian Ji Duo Lang Zhu |
| 210 | @a北京@c商务印书馆@d1997.05 | |
| 215 | @a150页@d32开 | |
| 606 | 0 | @a哲学@x亚洲 |
| 690 | @aB313.4@v3 | |
| 701 | 0 | @a西田几多郎@4著 |
| 801 | @aCN@bPftUser@c20000920 | |
| 905 | @b149383-385@dB313.4@eX358@f3 | |
| 善的研究/(日)西田几多郎著.-北京:商务印书馆,1997.05 |
| 150页;32开 |
| ISBN 7-100-00826-3:7.00元 |
| ● |
| 相关链接 |
|
|
|
正题名:善的研究
索取号:B313.4/X358
 
预约/预借
| 序号 | 登录号 | 条形码 | 馆藏地/架位号 | 状态 | 备注 |
| 1 | 149383 | 201493838 | 社科库509/509社科库 16排2列1层/ [索取号:B313.4/X358] | 在馆 | |
| 2 | 149384 | 201493847 | 社科库509/509社科库 16排2列1层/ [索取号:B313.4/X358] | 在馆 | |
| 3 | 149385 | 201493856 | 社科库509/509社科库 16排2列1层/ [索取号:B313.4/X358] | 在馆 |